000 00648cam a2200217 4500500
005 20260405000321.0
041 _afre
042 _adc
100 1 0 _aKeck, Frédéric
_eauthor
245 0 0 _aClaude Lévi-Strauss. Noir Brésil
260 _c2006.
500 _a6
690 _aDescartes
690 _aLévi-Strauss
690 _aPensées d’ailleurs
690 _aPlaton
690 _aVoyage Philosophique
690 _aWittgenstein
786 0 _nPhilosophie magazine | 3 | 8-9 | 2006-09-01 | p. 33-33 | 1951-1787
856 4 1 _uhttps://shs.cairn.info/magazine-philosophie-magazine-2006-8-9-page-33?lang=fr&redirect-ssocas=7080
999 _c2035856
_d2035856